[Event "Paris-ch Open A"]
[Site "Paris"]
[Date "2008.06.28"]
[Round "1.15"]
[White "Djukic, Victor"]
[Black "Larrat, Philippe"]
[Result "0-1"]
[WhiteElo "1968"]
[BlackElo "2210"]
[PlyCount "48"]
[EventDate "2008.06.??"]
[EventType "swiss"]
[EventRounds "9"]
[EventCountry "FRA"]
[SourceDate "2008.06.28"]

1. e4 c5 2. Nc3 g6 3. g3 Bg7 4. Bg2 Nc6 5. d3 d6 6. f4 e6 7. Nf3 Nge7 8. O-O
O-O 9. Be3 b6 10. d4 d5 11. exd5 Nf5 12. Bf2 Ncxd4 13. dxe6 Bxe6 14. Nxd4 Nxd4
15. Ne4 Bc4 16. Re1 Ne2+ 17. Rxe2 Qxd1+ 18. Rxd1 Bxe2 19. Rd2 Ba6 20. c4 Rad8
21. Nd6 Bxb2 22. Rxb2 Rxd6 23. Bd5 Rfd8 24. Re2 Rxd5 0-1

[Event "Paris-ch Open A"]
[Site "Paris"]
[Date "2008.06.28"]
[Round "1.45"]
[White "L'Huillier, Robin"]
[Black "Guerra, Eric"]
[Result "0-1"]
[WhiteElo "1923"]
[BlackElo "2119"]
[PlyCount "40"]
[EventDate "2008.06.??"]
[EventType "swiss"]
[EventRounds "9"]
[EventCountry "FRA"]
[SourceDate "2008.06.28"]

1. e4 d6 2. d4 Nc6 3. Nc3 e5 4. dxe5 dxe5 5. Qxd8+ Nxd8 6. Nf3 f6 7. Bc4 Bd7 8.
Bd2 b5 9. Bb3 Nb7 10. Be3 Bc5 11. O-O-O Ne7 12. a3 Nc8 13. Bf7+ Ke7 14. b4 Bd6
15. Bb3 a5 16. Bd2 Nb6 17. Na2 a4 18. c4 axb3 19. c5 bxa2 20. cxd6+ cxd6 0-1

[Event "Paris-ch Open A"]
[Site "Paris"]
[Date "2008.06.28"]
[Round "1.73"]
[White "Plantet, Marc"]
[Black "Chaumont, Adeline"]
[Result "0-1"]
[WhiteElo "1881"]
[BlackElo "2065"]
[PlyCount "58"]
[EventDate "2008.06.??"]
[EventType "swiss"]
[EventRounds "9"]
[EventCountry "FRA"]
[SourceDate "2008.06.28"]

1. e4 c6 2. d4 d5 3. e5 Bf5 4. h4 h6 5. g4 Bg6 6. c4 e6 7. Nc3 Nd7 8. Nge2 dxc4
9. Nf4 Bd3 10. Bxd3 cxd3 11. Qxd3 Qc7 12. g5 O-O-O 13. Qf3 Nb6 14. g6 Rxd4 15.
Be3 Qxe5 16. gxf7 Ne7 17. O-O Rd6 18. Ne4 Rd8 19. Nc5 Qf5 20. Ncxe6 Rd6 21. Nd4
Qxf7 22. Qg4+ Kb8 23. Nfe6 Nbd5 24. Qg3 Qg6 25. Bg5 Nc8 26. Nf4 Qf7 27. Nxd5
hxg5 28. Ne3 gxh4 29. Qh2 Qg6+ 0-1

[Event "Paris-ch Open A"]
[Site "Paris"]
[Date "2008.06.28"]
[Round "1.93"]
[White "Rousseau, Olivier"]
[Black "Ricoul, Christian"]
[Result "1-0"]
[WhiteElo "1833"]
[BlackElo "2000"]
[PlyCount "56"]
[EventDate "2008.06.??"]
[EventType "swiss"]
[EventRounds "9"]
[EventCountry "FRA"]
[SourceDate "2008.06.28"]

1. e4 d6 2. d4 Nf6 3. Nc3 g6 4. f4 Bg7 5. Nf3 O-O 6. Bd3 Nc6 7. h3 Re8 8. O-O
e5 9. d5 Nb4 10. Bb5 Bd7 11. Bxd7 Qxd7 12. f5 gxf5 13. a3 Na6 14. exf5 e4 15.
Nd4 c5 16. dxc6 bxc6 17. Bg5 Kh8 18. Kh1 d5 19. Rf4 c5 20. Ndb5 d4 21. Bxf6
Bxf6 22. Nxe4 Rxe4 23. Rxe4 Qxb5 24. Qh5 Qb7 25. Rae1 Rg8 26. R1e2 Qd7 27. Qh6
Qd6 28. Rh4 Rg7 1-0

[Event "Paris-ch Open A"]
[Site "Paris"]
[Date "2008.06.29"]
[Round "2.1"]
[White "Laurent, Julien G"]
[Black "Koch, A."]
[Result "1-0"]
[WhiteElo "2287"]
[BlackElo "2030"]
[PlyCount "95"]
[EventDate "2008.06.??"]
[EventType "swiss"]
[EventRounds "9"]
[EventCountry "FRA"]
[SourceDate "2008.06.28"]

1. d4 d5 2. c4 e6 3. Nc3 Nf6 4. cxd5 exd5 5. Bg5 Be7 6. Qc2 h6 7. Bh4 O-O 8. e3
Nbd7 9. Bd3 Nb6 10. Nge2 c6 11. O-O-O a5 12. b3 Be6 13. g4 Ne8 14. Bxe7 Qxe7
15. Rdg1 Nc4 16. h4 Qd7 17. g5 h5 18. Nf4 g6 19. Bxg6 fxg6 20. Qxg6+ Ng7 21.
Nxh5 Bf5 22. Nf6+ Rxf6 23. Qxf6 Nh5 24. Qh6 Qh7 25. f3 Nb6 26. Qd6 a4 27. g6
Qd7 28. Qb4 Ra6 29. g7 Qf7 30. Rg5 axb3 31. Qf8+ Qxf8 32. gxf8=Q+ Kxf8 33.
Rxf5+ Ke7 34. Rxh5 bxa2 35. Kb2 a1=Q+ 36. Rxa1 Nc4+ 37. Kb1 Nd2+ 38. Kc2 Rxa1
39. Kxd2 b5 40. Rh7+ Kd6 41. h5 b4 42. Nd1 c5 43. Rh6+ Kc7 44. dxc5 Ra5 45. Rb6
Rxc5 46. Rxb4 d4 47. Rxd4 Rxh5 48. f4 1-0

[Event "Paris-ch Open A"]
[Site "Paris"]
[Date "2008.06.29"]
[Round "2.2"]
[White "Gervasio, Ricardo"]
[Black "Rakem, Z."]
[Result "1-0"]
[WhiteElo "2287"]
[BlackElo "2090"]
[PlyCount "65"]
[EventDate "2008.06.??"]
[EventType "swiss"]
[EventRounds "9"]
[EventCountry "FRA"]
[SourceDate "2008.06.28"]

1. e4 c5 2. Nf3 e6 3. d3 Qc7 4. g3 Nc6 5. Bg2 g6 6. O-O Bg7 7. c3 Nf6 8. Bf4 d6
9. Na3 a6 10. Re1 e5 11. Bd2 O-O 12. Nc4 b5 13. Ne3 Bb7 14. Rc1 Rfe8 15. h3
Rad8 16. Nh2 Ne7 17. Neg4 Nxg4 18. Nxg4 Rf8 19. a4 d5 20. d4 exd4 21. e5 dxc3
22. bxc3 d4 23. cxd4 Bxg2 24. Kxg2 Rxd4 25. Qe2 Rxa4 26. Be3 c4 27. Bg5 c3 28.
Qf3 Rxg4 29. hxg4 b4 30. Bf6 a5 31. Rh1 Re8 32. Bxg7 Kxg7 33. Rxh7+ 1-0

[Event "Paris-ch Open A"]
[Site "Paris"]
[Date "2008.06.29"]
[Round "2.3"]
[White "Soulages, Laurent"]
[Black "Rene, Benoit"]
[Result "0-1"]
[WhiteElo "2095"]
[BlackElo "2281"]
[PlyCount "54"]
[EventDate "2008.06.??"]
[EventType "swiss"]
[EventRounds "9"]
[EventCountry "FRA"]
[SourceDate "2008.06.28"]

1. c4 f5 2. g3 Nf6 3. Bg2 g6 4. Nc3 Bg7 5. d3 O-O 6. e3 d6 7. Nge2 e5 8. O-O c6
9. b4 Re8 10. b5 Be6 11. Rb1 d5 12. bxc6 bxc6 13. cxd5 cxd5 14. Qa4 Qd7 15. Bd2
Rc8 16. Rfc1 Bf8 17. Be1 Nc6 18. d4 e4 19. Nf4 Bf7 20. h4 h6 21. Bf1 g5 22. Ng2
Be8 23. Ba6 Rcb8 24. Bb5 Rb6 25. Bd2 Qe6 26. Ne2 Rab8 27. Rb3 Rxb5 0-1

[Event "Paris-ch Open A"]
[Site "Paris"]
[Date "2008.06.29"]
[Round "2.4"]
[White "Baron, Thierry"]
[Black "Laborde, Stephane"]
[Result "1/2-1/2"]
[WhiteElo "2259"]
[BlackElo "2081"]
[PlyCount "117"]
[EventDate "2008.06.??"]
[EventType "swiss"]
[EventRounds "9"]
[EventCountry "FRA"]
[SourceDate "2008.06.28"]

1. e4 c5 2. Nf3 Nc6 3. d4 cxd4 4. Nxd4 Nf6 5. Nc3 e5 6. Ndb5 d6 7. Bg5 a6 8.
Na3 b5 9. Bxf6 gxf6 10. Nd5 Bg7 11. c3 f5 12. exf5 Bxf5 13. Nc2 Be6 14. Nce3
Ne7 15. Nxe7 Qxe7 16. Qf3 O-O 17. Bd3 f5 18. Bxf5 Bxf5 19. Nxf5 Qe6 20. Qd5
Qxd5 21. Ne7+ Kf7 22. Nxd5 Rac8 23. O-O-O Ke6 24. f3 a5 25. Kb1 Rc5 26. Ne3 d5
27. b4 Rxc3 28. Nxd5 Rc4 29. a3 axb4 30. Nxb4 Ra8 31. Rd3 e4 32. Rb3 Rxa3 33.
Rxa3 Rxb4+ 34. Kc2 Rb2+ 35. Kc1 Rxg2 36. Ra6+ Kd5 37. fxe4+ Kxe4 38. Rb6 Rg5
39. Rd1 Rh5 40. Re6+ Be5 41. Re8 b4 42. Kc2 Kf3 43. Rd3+ Kg4 44. h3+ Kh4 45.
Rd5 Bf4 46. Rd4 Kg3 47. Rg8+ Kf3 48. Rf8 Rh4 49. Rxb4 Kg3 50. Rb3+ Kh2 51. Re8
Bg3 52. Ree3 Rc4+ 53. Kb1 Bf2 54. Re7 h5 55. Rg7 Rf4 56. Rd7 Bg3 57. Rdd3 h4
58. Rd2+ Kxh3 59. Rb7 1/2-1/2

[Event "Paris-ch Open A"]
[Site "Paris"]
[Date "2008.06.29"]
[Round "2.5"]
[White "Monange, Serge"]
[Black "Lacrosse, Marc"]
[Result "0-1"]
[WhiteElo "2091"]
[BlackElo "2251"]
[PlyCount "38"]
[EventDate "2008.06.??"]
[EventType "swiss"]
[EventRounds "9"]
[EventCountry "FRA"]
[SourceDate "2008.06.28"]

1. Nc3 Nf6 2. d4 d5 3. Bg5 c5 4. e4 Nxe4 5. Nxe4 dxe4 6. dxc5 Qa5+ 7. Qd2 Qxc5
8. O-O-O Nc6 9. Be3 Qa5 10. Bc4 Qxd2+ 11. Rxd2 e6 12. Ne2 Be7 13. g4 Bd7 14.
Rhd1 O-O-O 15. Bb5 a6 16. Ba4 b5 17. Bb3 Ne5 18. Bb6 Bg5 19. Ng3 Bc6 0-1

[Event "Paris-ch Open A"]
[Site "Paris"]
[Date "2008.06.29"]
[Round "2.6"]
[White "Pozdnjakov, Evgueniy"]
[Black "Ider, Borya"]
[Result "1-0"]
[WhiteElo "2244"]
[BlackElo "2074"]
[PlyCount "149"]
[EventDate "2008.06.??"]
[EventType "swiss"]
[EventRounds "9"]
[EventCountry "FRA"]
[SourceDate "2008.06.28"]

1. d4 d5 2. Nf3 Nc6 3. Bf4 Bg4 4. Nbd2 e6 5. c3 Bd6 6. e3 Nf6 7. Qa4 O-O 8. Bb5
Ne7 9. Bg5 Ng6 10. Bd3 Bh5 11. h3 Bxf3 12. Nxf3 h6 13. Bxg6 fxg6 14. Bxf6 Qxf6
15. Qc2 Qf5 16. O-O-O b5 17. Rd2 b4 18. c4 c6 19. c5 Qxc2+ 20. Kxc2 Bc7 21. Re2
Kf7 22. e4 a5 23. Rhe1 Rfe8 24. Kd3 a4 25. exd5 exd5 26. Rxe8 Rxe8 27. Rxe8
Kxe8 28. Ne1 Kd7 29. b3 axb3 30. axb3 Ke6 31. Ke3 Bd8 32. Nd3 Bg5+ 33. f4 Bf6
34. Nxb4 Kd7 35. Nd3 g5 36. Ne5+ Kc7 37. Nf3 Kb7 38. fxg5 hxg5 39. Ne5 Kc7 40.
Nd3 Kb7 41. Nb4 g4 42. hxg4 g5 43. Na2 Ka6 44. Kd3 Kb5 45. Kc3 Bd8 46. b4 Bf6
47. Nc1 Bd8 48. Nd3 Be7 49. Ne5 Bf6 50. Nf7 Be7 51. Nd6+ Ka6 52. b5+ cxb5 53.
Kb4 Bd8 54. Nxb5 Bf6 55. Nc7+ Kb7 56. Nxd5 Bxd4 57. Kb5 Bg1 58. c6+ Kc8 59. Kc4
Bf2 60. Kd3 Bc5 61. Ke4 Ba3 62. Kf5 Bc1 63. Ke6 Ba3 64. Nc3 Bc5 65. Ne4 Be3 66.
Kf5 Kc7 67. Nxg5 Kxc6 68. Ne6 Kd6 69. Kf6 Bc1 70. g5 Bb2+ 71. Kf7 Ke5 72. g4
Ke4 73. g6 Bh8 74. g7 Bxg7 75. Kxg7 1-0

[Event "Paris-ch Open A"]
[Site "Paris"]
[Date "2008.06.29"]
[Round "2.7"]
[White "Quenehen, Marc"]
[Black "Pozdnjakov, Viatcheslav"]
[Result "1/2-1/2"]
[WhiteElo "2075"]
[BlackElo "2244"]
[PlyCount "82"]
[EventDate "2008.06.??"]
[EventType "swiss"]
[EventRounds "9"]
[EventCountry "FRA"]
[SourceDate "2008.06.28"]

1. Nf3 d5 2. d4 c6 3. c4 Nf6 4. Nc3 dxc4 5. a4 Bf5 6. e3 e6 7. Bxc4 Bb4 8. O-O
O-O 9. Qe2 Bg6 10. Ne5 Nbd7 11. Nxg6 hxg6 12. Rd1 Qa5 13. e4 Nb6 14. Bb3 e5 15.
dxe5 Bxc3 16. exf6 Bxf6 17. Bd2 Qh5 18. Qxh5 gxh5 19. a5 Nd7 20. Bb4 Rfd8 21.
Rd2 Nf8 22. Rad1 Rxd2 23. Rxd2 Rd8 24. Rxd8 Bxd8 25. f4 a6 26. Kf2 Nd7 27. Ke3
b6 28. axb6 Bxb6+ 29. Kd3 Nc5+ 30. Bxc5 Bxc5 31. Ba4 Kf8 32. Bxc6 Ke7 33. Kc4
Be3 34. f5 Kd6 35. Be8 Ke7 36. Bc6 Kd6 37. Be8 Ke7 38. Ba4 Kd6 39. Bd1 h4 40.
h3 Ke5 41. Bf3 a5 1/2-1/2

[Event "Paris-ch Open A"]
[Site "Paris"]
[Date "2008.06.29"]
[Round "2.8"]
[White "Rabineau, Clement"]
[Black "Thellier, Francis"]
[Result "1-0"]
[WhiteElo "2241"]
[BlackElo "2069"]
[PlyCount "109"]
[EventDate "2008.06.??"]
[EventType "swiss"]
[EventRounds "9"]
[EventCountry "FRA"]
[SourceDate "2008.06.28"]

1. d3 Nf6 2. Nf3 g6 3. g3 Bg7 4. Bg2 O-O 5. O-O d6 6. c4 c5 7. Nc3 Nc6 8. a3
Ng4 9. Bd2 f5 10. Rb1 e5 11. b4 f4 12. Nd5 g5 13. b5 Nd4 14. b6 a6 15. Nxd4
exd4 16. h3 Ne5 17. gxf4 gxf4 18. Bxf4 Rxf4 19. Nxf4 Qg5 20. e3 Bh6 21. Qh5 Qg7
22. Qe8+ Qf8 23. Bd5+ Kh8 24. Qxf8+ Bxf8 25. Kh2 Bh6 26. Rg1 Bxf4+ 27. exf4 Ng6
28. Rg5 Rb8 29. f5 Ne7 30. Rbg1 Bxf5 31. Re1 Nxd5 32. Rxf5 Nxb6 33. Rf7 d5 34.
Rb1 Nxc4 35. dxc4 dxc4 36. Kg3 c3 37. Kf3 Re8 38. Rfxb7 d3 39. Rd7 c2 40. Rc1
c4 41. Rd4 Rb8 42. Rxc4 d2 43. R4xc2 dxc1=Q 44. Rxc1 Rb3+ 45. Kg4 Rxa3 46. Rc7
h5+ 47. Kg5 Kg8 48. h4 Ra5+ 49. Kg6 Kf8 50. f4 Ra1 51. Ra7 a5 52. f5 a4 53.
Ra8+ Ke7 54. f6+ Kd7 55. f7 1-0

[Event "Paris-ch Open A"]
[Site "Paris"]
[Date "2008.06.29"]
[Round "2.9"]
[White "Lam, Sophie"]
[Black "Toulzac, Pierre Yves"]
[Result "0-1"]
[WhiteElo "2073"]
[BlackElo "2238"]
[PlyCount "72"]
[EventDate "2008.06.??"]
[EventType "swiss"]
[EventRounds "9"]
[EventCountry "FRA"]
[SourceDate "2008.06.28"]

1. e4 d6 2. d4 Nf6 3. Nc3 c6 4. f4 Qa5 5. Bd3 e5 6. Nf3 Bg4 7. Be3 Nbd7 8. O-O
Be7 9. h3 Bh5 10. Qe1 Bxf3 11. Rxf3 O-O 12. Rf1 Bd8 13. Qf2 exd4 14. Bxd4 Bb6
15. Kh2 Bxd4 16. Qxd4 Qc5 17. Qxc5 Nxc5 18. Rad1 Rfe8 19. Rfe1 Re7 20. b4 Ne6
21. g3 Nd4 22. Kg2 Rae8 23. Kf2 h5 24. Rd2 h4 25. g4 Ne6 26. Kf3 g5 27. f5 Nf4
28. Rh1 d5 29. exd5 Re3+ 30. Kf2 Nxh3+ 31. Kg2 Nf4+ 32. Kg1 Re1+ 33. Bf1 cxd5
34. Rd1 Nxg4 35. Rxe1 Rxe1 36. Nb5 h3 0-1

[Event "Paris-ch Open A"]
[Site "Paris"]
[Date "2008.06.29"]
[Round "2.10"]
[White "Lavabre, Fabien"]
[Black "Le Ruyet, Leopold"]
[Result "1-0"]
[WhiteElo "2221"]
[BlackElo "2069"]
[PlyCount "71"]
[EventDate "2008.06.??"]
[EventType "swiss"]
[EventRounds "9"]
[EventCountry "FRA"]
[SourceDate "2008.06.28"]

1. e4 c5 2. c3 d5 3. exd5 Qxd5 4. Nf3 Nf6 5. d4 Bg4 6. dxc5 Qxd1+ 7. Kxd1 e5 8.
b4 e4 9. h3 Bh5 10. g4 Nxg4 11. hxg4 Bxg4 12. Nbd2 Nc6 13. Kc2 exf3 14. Bd3
O-O-O 15. Ne4 Be6 16. Bf4 Be7 17. Nd6+ Bxd6 18. Bxd6 h5 19. a4 g5 20. a5 a6 21.
b5 axb5 22. a6 b6 23. a7 Kb7 24. Rhb1 Rxd6 25. cxd6 Nxa7 26. Be4+ Nc6 27. Rxb5
Rd8 28. Rd1 f6 29. Bxf3 h4 30. Rb4 g4 31. Bh1 Bf5+ 32. Kb2 Re8 33. d7 Re2+ 34.
Ka1 Bxd7 35. Rxd7+ Kc8 36. Bxc6 1-0

[Event "Paris-ch Open A"]
[Site "Paris"]
[Date "2008.06.29"]
[Round "2.11"]
[White "Bernard, Serge"]
[Black "Borzakian, Manouk"]
[Result "0-1"]
[WhiteElo "2071"]
[BlackElo "2217"]
[PlyCount "140"]
[EventDate "2008.06.??"]
[EventType "swiss"]
[EventRounds "9"]
[EventCountry "FRA"]
[SourceDate "2008.06.28"]

1. e4 d6 2. Nc3 Nf6 3. f4 Bg4 4. Be2 Bxe2 5. Qxe2 Nc6 6. Nf3 e6 7. d3 Qd7 8.
O-O Be7 9. Kh1 h5 10. Be3 d5 11. e5 Ng4 12. Bg1 Nh6 13. Nd1 h4 14. Bf2 O-O-O
15. d4 Nf5 16. c3 g5 17. fxg5 Rdg8 18. Ne3 Ng3+ 19. Bxg3 hxg3 20. h3 Bxg5 21.
Nxg5 Rxg5 22. Rf6 Qe8 23. Raf1 Rh7 24. Qf3 Rgg7 25. Ng4 Qg8 26. Nh6 Qh8 27. Qf4
Ne7 28. Kg1 Ng6 29. Rxg6 Rxg6 30. Ng4 b6 31. Qxg3 Qe8 32. Qf3 Qa4 33. Qd3 Qc4
34. Qc2 Rgg7 35. a3 Kb7 36. Qf2 Qd3 37. Qf3 Qxf3 38. Rxf3 c5 39. Nf6 Rh8 40. g4
Kc6 41. Kf2 Kb5 42. Nh5 Rgh7 43. Ke3 Kc4 44. Rf4 Kb3 45. Rf2 cxd4+ 46. Kxd4 Rc8
47. Rh2 Rc4+ 48. Kd3 Rxh5 49. gxh5 Rh4 50. h6 Rxh6 51. h4 Rh5 52. Kd4 a6 53. c4
dxc4 54. Rh3+ Kxb2 55. Kxc4 Rxe5 56. h5 Rc5+ 57. Kb4 Rc8 58. Rh2+ Kc1 59. h6 f5
60. h7 Rh8 61. Kc3 Kd1 62. Kd4 b5 63. Ke5 a5 64. Kxe6 f4 65. Kf5 f3 66. Ke4 f2
67. Rxf2 Rxh7 68. Kd4 Rc7 69. Rf5 b4 70. axb4 axb4 0-1

[Event "Paris-ch Open A"]
[Site "Paris"]
[Date "2008.06.29"]
[Round "2.15"]
[White "Vignier, Pascal"]
[Black "Strugnell, Carl"]
[Result "0-1"]
[WhiteElo "2050"]
[BlackElo "2188"]
[PlyCount "25"]
[EventDate "2008.06.??"]
[EventType "swiss"]
[EventRounds "9"]
[EventCountry "FRA"]
[SourceDate "2008.06.28"]

1. e4 c5 2. Nf3 d6 3. Bc4 Nc6 4. O-O Nf6 5. Nc3 Bg4 6. h3 Bh5 7. Be2 e6 8. Re1
Be7 9. d4 Bxf3 10. Bxf3 cxd4 11. Nb5 Qb6 12. Na3 Ne5 13. Nc4 0-1

[Event "Paris-ch Open A"]
[Site "Paris"]
[Date "2008.06.29"]
[Round "2.21"]
[White "Stoenescu, Radu"]
[Black "Silva, Francis"]
[Result "1/2-1/2"]
[WhiteElo "2150"]
[BlackElo "2009"]
[PlyCount "43"]
[EventDate "2008.06.??"]
[EventType "swiss"]
[EventRounds "9"]
[EventCountry "FRA"]
[SourceDate "2008.06.28"]

1. e4 e6 2. d4 d5 3. exd5 exd5 4. Bd3 Nc6 5. Ne2 Bg4 6. f3 Bh5 7. Nf4 Bg6 8.
Nxg6 hxg6 9. c3 Bd6 10. Qe2+ Qe7 11. Qxe7+ Ngxe7 12. f4 g5 13. fxg5 Rxh2 14.
Rxh2 Bxh2 15. Kf2 Bd6 16. Nd2 Bf4 17. Nf3 Bxc1 18. Rxc1 O-O-O 19. Rh1 Kd7 20.
Rh7 Rg8 21. Nh4 Nd8 22. Nf3 1/2-1/2

[Event "Paris-ch Open A"]
[Site "Paris"]
[Date "2008.06.29"]
[Round "2.79"]
[White "Pass, Deborah"]
[Black "Plantet, Marc"]
[Result "1-0"]
[WhiteElo "1970"]
[BlackElo "1881"]
[PlyCount "38"]
[EventDate "2008.06.??"]
[EventType "swiss"]
[EventRounds "9"]
[EventCountry "FRA"]
[SourceDate "2008.06.28"]

1. e4 c6 2. d4 d5 3. exd5 cxd5 4. c4 Nf6 5. Nc3 Nc6 6. Nf3 Bg4 7. cxd5 Bxf3 8.
gxf3 Nxd5 9. Qb3 Nxc3 10. bxc3 Qc7 11. d5 Ne5 12. Bb5+ Nd7 13. Be3 a6 14. Be2
Nf6 15. Rb1 g6 16. Qa4+ Qd7 17. Bb5 axb5 18. Qxa8+ Qd8 19. Qxd8+ Kxd8 1-0

[Event "Paris-ch Open A"]
[Site "Paris"]
[Date "2008.06.29"]
[Round "2.95"]
[White "Mazhari, M."]
[Black "Argaud, Jean Philippe"]
[Result "1-0"]
[WhiteElo "1831"]
[BlackElo "1937"]
[PlyCount "73"]
[EventDate "2008.06.??"]
[EventType "swiss"]
[EventRounds "9"]
[EventCountry "FRA"]
[SourceDate "2008.06.28"]

1. d4 Nf6 2. a3 a5 3. e3 g6 4. Nf3 Bg7 5. g3 O-O 6. Bg2 d5 7. O-O Bg4 8. b3 c5
9. Bb2 cxd4 10. exd4 Nc6 11. Nbd2 Ne4 12. h3 Nxd2 13. Qxd2 Bf5 14. Ne5 Nxe5 15.
dxe5 Qc7 16. Rac1 Bxe5 17. Bxe5 Qxe5 18. Rfe1 Qd6 19. Qxd5 Qxd5 20. Bxd5 Bxh3
21. Rxe7 Bc8 22. Rce1 Rb8 23. Rc7 b6 24. Ree7 Bf5 25. Bxf7+ Rxf7 26. Rxf7 Bxc2
27. Rg7+ Kf8 28. b4 axb4 29. axb4 h5 30. Rh7 Bb3 31. Rb7 Re8 32. Rxb6 Bd5 33.
Kh2 Bf7 34. Rf6 Re7 35. Rfxf7+ Rxf7 36. Rxf7+ Kxf7 37. f4 1-0

[Event "Paris-ch Open A"]
[Site "Paris"]
[Date "2008.06.30"]
[Round "3.1"]
[White "Morabbi, Armin"]
[Black "Laurent, Julien G"]
[Result "0-1"]
[WhiteElo "2135"]
[BlackElo "2294"]
[PlyCount "90"]
[EventDate "2008.06.??"]
[EventType "swiss"]
[EventRounds "9"]
[EventCountry "FRA"]
[SourceDate "2008.06.28"]

1. e4 c5 2. c3 b6 3. d4 Bb7 4. Bd3 g6 5. Nf3 Bg7 6. d5 Nf6 7. O-O O-O 8. Re1 d6
9. c4 Nbd7 10. Nc3 a6 11. a4 Nh5 12. Bg5 h6 13. Be3 e5 14. Qd2 Kh7 15. g4 Qf6
16. Ng5+ hxg5 17. Bxg5 Bh6 18. Bxh6 Rg8 19. gxh5 gxh5+ 20. Kf1 Qxh6 21. Qxh6+
Kxh6 22. Re3 Rg6 23. Rg3 Rag8 24. Rxg6+ Rxg6 25. f3 Bc8 26. Kf2 Nf8 27. a5 bxa5
28. Rxa5 Rf6 29. Ra4 Ng6 30. Ne2 Nh4 31. Ng1 Rg6 32. Bf1 f5 33. Bh3 Rg7 34.
exf5 Ra7 35. Ne2 Bxf5 36. Bxf5 Nxf5 37. Nc3 Rb7 38. Rxa6 Rxb2+ 39. Kg1 Kg5 40.
Ne4+ Kf4 41. Ra3 Rc2 42. Nf2 Rc1+ 43. Kg2 Ne3+ 44. Kh3 Kxf3 45. Nd3 Rxc4 0-1

[Event "Paris-ch Open A"]
[Site "Paris"]
[Date "2008.06.30"]
[Round "3.2"]
[White "Mory, Eric"]
[Black "Gervasio, Ricardo"]
[Result "0-1"]
[WhiteElo "2118"]
[BlackElo "2287"]
[PlyCount "68"]
[EventDate "2008.06.??"]
[EventType "swiss"]
[EventRounds "9"]
[EventCountry "FRA"]
[SourceDate "2008.06.28"]

1. Nf3 d5 2. g3 Nf6 3. Bg2 Nc6 4. d4 Bf5 5. O-O e6 6. b3 Be7 7. c4 Nb4 8. Na3
O-O 9. Bb2 a5 10. Ne1 c6 11. Nec2 h6 12. Ne3 Bh7 13. Nac2 Qc7 14. a3 Nxc2 15.
Nxc2 a4 16. cxd5 axb3 17. Ne3 exd5 18. Qxb3 Ne4 19. Rfc1 Qd7 20. f3 Nd6 21. Ng4
Qe8 22. a4 Kh8 23. a5 Nc4 24. Rxc4 dxc4 25. Qxc4 Bg8 26. Qc3 f6 27. e4 Qf7 28.
Ne3 Qb3 29. Nf5 Bb4 30. Qc1 Bh7 31. Ne3 Rxa5 32. Bf1 Rxa1 33. Bxa1 Ra8 34. Kf2
Ra2+ 0-1

[Event "Paris-ch Open A"]
[Site "Paris"]
[Date "2008.06.30"]
[Round "3.3"]
[White "Rene, Benoit"]
[Black "Renault, Fabien"]
[Result "1/2-1/2"]
[WhiteElo "2281"]
[BlackElo "2141"]
[PlyCount "101"]
[EventDate "2008.06.??"]
[EventType "swiss"]
[EventRounds "9"]
[EventCountry "FRA"]
[SourceDate "2008.06.28"]

1. g3 g6 2. Bg2 Bg7 3. e4 c5 4. d3 Nc6 5. f4 d6 6. Nf3 e5 7. Nc3 Nge7 8. O-O
O-O 9. Be3 Nd4 10. Qd2 Nxf3+ 11. Rxf3 exf4 12. Bxf4 Be6 13. Bg5 Qd7 14. Bf6
Bxf6 15. Rxf6 d5 16. Raf1 Kg7 17. Qg5 Rad8 18. Qe5 Kg8 19. R6f4 dxe4 20. Rxe4
Nd5 21. Rh4 Nxc3 22. bxc3 Bd5 23. Bxd5 Qxd5 24. Qxd5 Rxd5 25. Re1 Rfd8 26. Ra4
a6 27. Rae4 R8d7 28. c4 R5d6 29. Re8+ Kg7 30. Rc8 b6 31. Rb8 Rd8 32. Rb7 R8d7
33. Rxd7 Rxd7 34. a4 a5 35. Kf2 Kf6 36. Kf3 Rd6 37. Re4 Rc6 38. c3 Rd6 39. Ke3
Rc6 40. Rf4+ Ke6 41. Re4+ Kd7 42. g4 f6 43. Kf4 Re6 44. d4 Rxe4+ 45. Kxe4 Kd6
46. h4 Ke6 47. Kf4 Kd6 48. h5 Ke6 49. h6 Kd6 50. d5 Ke7 51. Ke4 1/2-1/2

[Event "Paris-ch Open A"]
[Site "Paris"]
[Date "2008.06.30"]
[Round "3.4"]
[White "Lacrosse, Marc"]
[Black "Hauroo, Harris"]
[Result "1/2-1/2"]
[WhiteElo "2251"]
[BlackElo "2134"]
[PlyCount "62"]
[EventDate "2008.06.??"]
[EventType "swiss"]
[EventRounds "9"]
[EventCountry "FRA"]
[SourceDate "2008.06.28"]

1. d4 Nf6 2. c4 e6 3. Nf3 b6 4. a3 Ba6 5. Qc2 Bb7 6. Nc3 c5 7. e4 cxd4 8. Nxd4
Bc5 9. Nb3 Nc6 10. Bf4 e5 11. Bg5 h6 12. Bh4 O-O 13. Bd3 Be7 14. Rd1 Rc8 15.
O-O Ne8 16. Bxe7 Qxe7 17. Rfe1 Nc7 18. Nd5 Qd8 19. Nxc7 Rxc7 20. Re3 Qe7 21.
Be2 Nd8 22. Qd2 Ne6 23. Bg4 Ba6 24. Qd5 Bb7 25. Qxe5 Rxc4 26. Nd4 Qg5 27. Qxg5
hxg5 28. Bxe6 dxe6 29. f3 Rd8 30. Red3 Ba6 31. R3d2 Rdc8 1/2-1/2

[Event "Paris-ch Open A"]
[Site "Paris"]
[Date "2008.06.30"]
[Round "3.5"]
[White "Veron, Cyprien"]
[Black "Pozdnjakov, Evgueniy"]
[Result "1/2-1/2"]
[WhiteElo "2109"]
[BlackElo "2244"]
[PlyCount "81"]
[EventDate "2008.06.??"]
[EventType "swiss"]
[EventRounds "9"]
[EventCountry "FRA"]
[SourceDate "2008.06.28"]

1. Nf3 d5 2. d4 Nf6 3. c4 c6 4. Nc3 a6 5. e3 Bf5 6. Bd3 e6 7. O-O Bd6 8. Qc2
Bxd3 9. Qxd3 Bb4 10. Nd2 Nbd7 11. e4 dxe4 12. Ndxe4 Nxe4 13. Qxe4 O-O 14. Qf3
Qf6 15. Qxf6 Nxf6 16. Ne2 Rac8 17. h3 b5 18. c5 Nd7 19. a3 Ba5 20. b4 Bc7 21.
f4 Nf6 22. Bd2 Ne4 23. Be3 a5 24. a4 bxa4 25. bxa5 Ra8 26. Rxa4 Rxa5 27. Rxa5
Bxa5 28. Ra1 Bc3 29. Ra6 Rc8 30. Kf1 f6 31. Nc1 e5 32. dxe5 fxe5 33. fxe5 Bxe5
34. Nd3 Bc3 35. Ke2 Kf7 36. Kf3 Nf6 37. Ra7+ Kf8 38. Nf4 Nd5 39. Nxd5 cxd5 40.
Rd7 d4 41. Bxd4 1/2-1/2

[Event "Paris-ch Open A"]
[Site "Paris"]
[Date "2008.06.30"]
[Round "3.6"]
[White "Ballester, Alexandre"]
[Black "Rabineau, Clement"]
[Result "1/2-1/2"]
[WhiteElo "2101"]
[BlackElo "2241"]
[PlyCount "85"]
[EventDate "2008.06.??"]
[EventType "swiss"]
[EventRounds "9"]
[EventCountry "FRA"]
[SourceDate "2008.06.28"]

1. e4 c5 2. Nf3 e6 3. d4 cxd4 4. Nxd4 Nf6 5. Nc3 Nc6 6. Ndb5 Bb4 7. a3 Bxc3+ 8.
Nxc3 d5 9. exd5 exd5 10. Bd3 d4 11. Ne4 Nxe4 12. Bxe4 Bf5 13. Qf3 Bxe4 14.
Qxe4+ Qe7 15. Qxe7+ Kxe7 16. Bf4 f6 17. O-O-O Rhe8 18. Rhe1+ Kf7 19. Kd2 g5 20.
Bc7 Rac8 21. Rxe8 Rxe8 22. Re1 Rxe1 23. Kxe1 Ke6 24. f3 h5 25. Bg3 Kd5 26. h4
Ne5 27. hxg5 fxg5 28. f4 gxf4 29. Bxf4 Nc4 30. Bc1 Ke4 31. Ke2 b5 32. b3 Ne3
33. Bxe3 dxe3 34. c4 bxc4 35. bxc4 a5 36. c5 Kd5 37. Kxe3 Kxc5 38. Kf4 Kb5 39.
Kg5 Ka4 40. Kxh5 Kxa3 41. g4 Kb2 42. g5 a4 43. g6 1/2-1/2

[Event "Paris-ch Open A"]
[Site "Paris"]
[Date "2008.06.30"]
[Round "3.7"]
[White "Toulzac, Pierre Yves"]
[Black "Tarchichi, Paul"]
[Result "1/2-1/2"]
[WhiteElo "2238"]
[BlackElo "2131"]
[PlyCount "45"]
[EventDate "2008.06.??"]
[EventType "swiss"]
[EventRounds "9"]
[EventCountry "FRA"]
[SourceDate "2008.06.28"]

1. d4 d5 2. c4 c6 3. Nc3 Nf6 4. Nf3 dxc4 5. g3 Nbd7 6. Bg2 g6 7. O-O Bg7 8. e4
Nb6 9. h3 O-O 10. Qe2 Ne8 11. Be3 Nd6 12. a4 a5 13. Rfd1 f5 14. e5 Nf7 15. Nd2
Be6 16. f4 Bd5 17. Bf1 Qd7 18. Ra3 Nd8 19. b3 cxb3 20. Rb1 Ne6 21. Nxd5 Nxd5
22. Raxb3 Ra7 23. Nf3 1/2-1/2